Pedagogía psicológica: la educación del carácter y de la personalidad
সংরক্ষণ করুন:
| প্রধান লেখক: | |
|---|---|
| বিন্যাস: | গ্রন্থ |
| ভাষা: | স্প্যানিশ |
| প্রকাশিত: |
Madrid
Dykinson
1992
|
| বিষয়গুলি: | |
| ট্যাগগুলো: |
ট্যাগ যুক্ত করুন
কোনো ট্যাগ নেই, প্রথমজন হিসাবে ট্যাগ করুন!
|
MARC
| LEADER | 00000nam a2200000 a 4500 | ||
|---|---|---|---|
| 001 | UCQ9415 | ||
| 003 | CL-VaPUC | ||
| 008 | 981230e19920000SP |||||||||||||||||spa|d | ||
| 082 | 0 | 4 | |a 370.15 |b QUI |2 21 |
| 100 | 0 | |a Quintana Cabanas, José María |e author |9 423946 | |
| 245 | 1 | 0 | |a Pedagogía psicológica: la educación del carácter y de la personalidad |
| 300 | |a 282 p | ||
| 942 | |c BK | ||
| 945 | |d 19981230 00:00:00 |a aarredon | ||
| 260 | |a Madrid |b Dykinson |c 1992 | ||
| 650 | 0 | |a Educación |9 258661 | |
| 650 | 0 | |a Psicología educacional |9 307830 | |
| 650 | 0 | |a Personalidad |9 307255 | |
| 650 | 7 | |a CARACTER |2 CL-VaPUC |9 308186 | |
| 650 | 0 | |a Relaciones humanas |9 307340 | |
| 650 | 7 | |a HIGIENE MENTAL |2 CL-VaPUC |9 309884 | |
| 583 | |a last modification |c 19981230 00:00:00 |k Rodrigo Vera | ||
| 999 | |c 278426 |d 278424 | ||
| 952 | |0 0 |1 0 |4 0 |6 370_150000000000000_QUI_1992 |7 0 |8 A |9 316955 |a BIBEDU |b BIBEDU |d 2019-11-20 |i 3494942 |o 370.15 QUI 1992 |p 3494942 |r 2019-11-20 |w 2019-11-20 |y BK |k BME | ||